This is Ireland : Ulster and the city of Belfast /

Guardat en:
Dades bibliogràfiques
Autor principal: Hayward, Richard, 1892-
Format: Llibre
Idioma:English
Publicat: London : Arthur Barker, 1950.
Matèries:
LEADER 00970nam a2200265 a 4500
001 c000341520
003 CARM
005 00000000000000.0
008 850828s1950 enkab 00110 eng d
019 1 |a 2948427  |5 LACONCORD2021 
035 |a (OCoLC)59379467  |5 LACONCORD2021 
040 |a NUN  |c NUN 
043 |a e-uk-ni 
082 1 |a 914.16  |2 19 
100 1 |a Hayward, Richard,  |d 1892- 
245 1 0 |a This is Ireland :  |b Ulster and the city of Belfast /  |c Richard Hayward. 
260 |a London :  |b Arthur Barker,  |c 1950. 
300 |a 256 p. :  |b ill., maps ;  |c 22 cm. 
500 |a Includes index. 
651 0 |a Northern Ireland  |x Description and travel. 
651 0 |a Northern Ireland  |x History. 
740 0 |a Ulster and the city of Belfast. 
852 8 |b CARM  |h A1:AL30G0  |i B10170  |p 0450893  |f BK 
999 f f |i 0b1f0853-ff2a-5679-8d7b-26eb68dd9d58  |s 87d60976-2fe1-5c5a-bdfd-b3d4108a31d8 
952 f f |p Can circulate  |a CAVAL  |b CAVAL  |c CAVAL  |d CARM 1 Store  |e B10170  |f A1:AL30G0  |h Other scheme  |i book  |m 0450893